02306agaaa2200301 45000010005000000030009000050050017000140070009000310080040000400400023000800410013001031000052001161300072001682450246002402500022004862600094005083000033006025080129006355200836007645380016016005460013016166500058016297000050016877000069017377000064018067000064018707000070019343885IT-RoPAU20220918181222.0d cvaizq50131s9999||||xx ||| | || ||und|| aIT-RoPAUcIT-RoPAU aITALIANO aDi Diodato RobertogCodice regista SPICS: 55765 aCAMMINO DI DIO CON L'UOMO (IL) - LA TERRA DOVE SCORRE LATTE E MIELE aCAMMINO DI DIO CON L'UOMO (IL) - LA TERRA DOVE SCORRE LATTE E MIELEcProdotto da: Telenova Sat2000 Ita Diretto da: Di Diodato RobertopCAMMINO DI DIO CON L'UOMO (IL) - LA TERRA DOVE SCORRE LATTE E MIELE (Rif. Codice opera principale : H3885) aEdizione Standard aMILANO (ITALIA)bMULTIMEDIA SAN PAOLO / g"2003 (1° ed.: 2003 ; Ed. Lingua Orig.: 2003)" aVHSbsonoro, col.c55 minuti a"Fotografia: Soetje Russo Melis; Montaggio: Maurizio Alba; Musica: AA.VV. ; Soggetto: Borgonovo Gianantonio -- Gironi Primo" a"""IL CAMMINO DI DIO CON L'UOMO"" E' LA PIU' RECENTE E APPROFONDITA INDAGINE SULLE PAGINE PIU' DIFFICILI E MENO CONOSCIUTE DELL'ANTICO TESTAMENTO. UNA SPECIE DI GRANDE QUARK CHE INTENDE AVVICINARE LA GENTE ALLA PAROLA DI DIO PER FARNE SCOPRIRE IL FASCINO ETERNO E MISTERIOSO. LE IMMAGINI SONO STATE GIRATE NEI LUOGHI PIU' IMPORTANTI E NEI SITI ARCHEOLOGICI PIU' ANTICHI E SUGGESTIVI DEL VICINO ANTICO ORIENTE. DOCUMENTARIO A COLORI. EVENTI TRATTATI: 1.IL DECALOGO E SUO RAPPORTO CON LE LEGGI ITTITE E BABILONESI; 2. IL PERIODOSTORICO DELL'INSEDIAMENTO NELLA TERRA PROMESSA; 3. INVASIONE ARMATA O PACIFICA INFILTRAZIONE?; 4. GERICO, LA CITTA' PIU' ANTICA DEL MONDO; 5. IL PERCORSO E LE TAPPE DELLA CONQUISTA; 6. L'ARCA, SEGNO DELLA PRESENZA DI DIO; 7.L'USO DEL KHEREM; 8. IL SOLE SI FERMA A GABAON?; 9. LA DISTRIBUZIONE DELLATERRA." aPAL, STEREO aITALIANO aDOCUMENTARIOeFILMS [VHS]xCodice MATERIA SPICS: 9960 aAA.VV. e(musica)gCodice Musica SPICS: 12000 aBorgonovo Gianantonio e(soggetto)gCodice Soggetto SPICS: 57465 aDi Diodato Roberto e(regista)gCodice regista SPICS: 55765 aGironi Primo e(soggetto)gCodice Soggetto 2° SPICS: 34827 aGiuliani Stefaniae(regista)gCodice secondo regista SPICS: 57464